000 00546nam a2200217 a 4500
999 _c5652
_d5652
001 5652
003 BD-JhCC
005 20180325124944.0
008 171219s2005 bg ||||| |||| 00| 0 eng d
035 _a(BD-JhCC)5652
040 _aBD-JhCC
_dBD-JhCC
041 _aeng
082 _a516
_bUZZ 2005
100 _aUZ-Zaman, Afsar
245 _aHigher Secondary Geometry and Calculus /
_cAfsar UZ-Zaman
260 _aDhaka :
_bIdeal Books Dhaka
_c2005.
300 _a256 p. :
_c23 cm.
650 _aGeometry
942 _2ddc
_cBK